Normas de gestión agropecuaria /
Guardado en:
| Autor Principal: | |
|---|---|
| Formato: | Libro |
| Idioma: | Undetermined |
| Publicado: |
Buenos Aires :
AACREA,
2007.
|
| Edición: | 1a ed. |
| Series: | Temas
|
| Materias: | |
| Etiquetas: |
Agregar Etiqueta
Sin Etiquetas, Sea el primero en etiquetar este registro!
|
| LEADER | 00597nam a22001935a 4500 | ||
|---|---|---|---|
| 001 | CEM.cems025128 | ||
| 008 | 260422s2007####ag############000#0#und#d | ||
| 005 | 20260422100011.0 | ||
| 245 | 1 | 0 | |a Normas de gestión agropecuaria / |c Fabiana Colombo, Juan Marcos Olivero Vila. |
| 250 | |a 1a ed. | ||
| 260 | |a Buenos Aires : |b AACREA, |c 2007. | ||
| 300 | |a 78 p. : |b tablas ; |c 25 cm. | ||
| 490 | 1 | |a Temas | |
| 020 | |a 9789872257699 | ||
| 100 | 1 | |a Colombo, Fabiana, |d 2007. | |
| 082 | 0 | 4 | |a 650 |
| 653 | |a Administración | ||
| 653 | |a Gestión Agropecuaria | ||
| 859 | |a CEMS |b BIB. CEMS - Agricultura |h 650 |i C717 |p A4090.26 |t Ej.1 | ||
